|
|
|
|
| LEADER |
01184ppm a22002658a 4500 |
| 001 |
00043145 |
| 005 |
20190221090205.0 |
| 008 |
170627s2017 ||||||viesd |
| 041 |
0 |
# |
|a vie
|
| 082 |
1 |
4 |
|b M458S
|a 372.7
|
| 100 |
1 |
# |
|a Nguyễn, Phước Vinh
|
| 245 |
0 |
0 |
|a Một số biện pháp rèn luyện kỹ năng giải toán có lời văn cho học sinh lớp 3
|b Luận văn thạc sĩ khoa học giáo dục. Chuyên ngành: giáo dục tiểu học . Mã số: 8 14 01 01
|c Nguyễn Phước Vinh ; Phạm Thị Thanh Tú(hướng dẫn)
|
| 260 |
# |
# |
|a Đồng Tháp
|b Đại học Đồng Tháp
|c 2018
|
| 300 |
# |
# |
|a 91 tr.
|c 30 cm.
|
| 500 |
# |
# |
|a ĐTTS ghi: Bộ giáo dục và đào tạo. Trường Đại học Đồng tháp
|
| 653 |
# |
# |
|a Luận Văn
|
| 653 |
# |
# |
|a Toán học
|
| 653 |
# |
# |
|a Tiểu học
|
| 653 |
# |
# |
|a Lớp 3
|
| 653 |
# |
# |
|a Phương pháp
|
| 653 |
# |
# |
|a Rèn luyện
|
| 700 |
1 |
# |
|a Phạm, Thị Thanh Tú
|e Hướng dẫn
|
| 852 |
# |
# |
|j LV.0001980
|j LV.0002425
|
| 910 |
0 |
# |
|d 13/11/2018
|
| 980 |
# |
# |
|a Trung tâm Học liệu Lê Vũ Hùng, Trường Đại học Đồng Tháp
|